000 00416nam a2200145Ia 4500
008 100204s9999 xx 000 0 und d
082 _b4810
100 _aचव्हाण बिमन
245 _aनराधम
260 _b"डिंंंंप्ंाल पब्लिकेशन, वसई"
_c1982
300 _a147
630 _aनराधम
730 _aनराधम
942 _cBOOK
999 _c449491
_d449488